000 01850cam a2200385 i 4500
999 _c2477
_d2477
001 (Sirsi) a1038930
003 OSt
005 20230602140207.0
008 190304t20132013nbua b 000 1 eng d
020 _a9781934490495
_q(paperback) :
040 _aCASSC
_beng
_cCASSC
_dOCLCO
_dOCLCQ
_dYDXCP
_dBDX
_dQBX
_dOCLCQ
_dOCLCO
_dOCLCA
_dOCLCF
_dOCLCQ
_dTAE
_dKH8
_erda
042 _anbic
082 0 _a372.8 COO
100 1 _aCook, Julia,
_d1964-
_eauthor.
245 1 0 _aThanks for the feedback, I think ... /
_cwritten by Julia Cook ; illustrated by Kelsey De Weerd.
264 1 _aBoys Town, Nebraska :
_bBoys Town Press,
_c[2013]
264 4 _c©2013.
300 _a31 pages :
_bcolor illustrations ;
_c23 cm.
336 _atext
_btxt
_2rdacontent.
336 _astill image
_bsti
_2rdacontent.
337 _aunmediated
_bn
_2rdamedia.
338 _avolume
_bnc
_2rdacarrier.
490 0 _aBest me I can be!
500 _a"My story about accepting criticism and compliments ... the right way!"--Cover.
520 _aWhen a couple of friends give RJ a compliment, he just isn't sure how to respond. When his teacher and parents tell him there are some things he needs to work on, his first reaction is to argue and make excuses. RJ learns what it means to receive positive and negative feedback, and how to respond appropriately, learning to accept and grow from criticism and compliments at home, school and with friends.--Publisher.
521 1 _aAges 5-12.
650 0 _aChildren
_vLife skills guides
_vJuvenile fiction.
650 0 _aFeedback (Psychology)
_vJuvenile fiction.
650 0 _aInterpersonal communication
_vJuvenile fiction.
650 0 _aCompliments
_vJuvenile fiction.
650 0 _aPraise
_vJuvenile fiction.
650 0 _aCriticism, Personal
_vJuvenile fiction.
700 1 _aDe Weerd, Kelsey,
_eillustrator.
942 _2ddc
_cNFIC